1280 1480 1325 1790 1531 1363 1087 1279 1878 1754 1148 1791 1161 1705 1369 1698 1100 1720 1193 1722 1969 1160 1362 1871 1120 1505 1114 1435 1885 1119 1864 1903 1996 1389 1130 1913 1197 1155 1513 1800 1649 1903 1600 1040 1479 1738 1978 1306 1261 1162 1807 1491 1148 1563 1673 1295 1666 1086 1537 1751 1287 1357 1128 1238 1359 1782 1475 1168 1920 1285 1093 1914 1779 1025 1126 1330 1264 1678 1351 1783 1316 1876 1837 1414 1776 1348 1279 1628 1260 1373 1430 1800 1391 1087 1393 1453 1434 1501 1373 BCNSPRNW ULIB Ver.6.0+V

เปลี่ยนเป็นภาษาไทย

Change to English
 แสดงรายละเอียดบรรณานุกรม
  กลับหน้าหลัก

Brief Record : Get Marc (ISO 2709) : E-mail record : QR code < ปิดหน้าต่าง
LEADER : 00000nam 2200000uu 4500
001    13399110995
003     ULIB
008    110614s||||||||th 000 0 tha d
020    9789747492736(ล.2)
050 04 AC159^bภ375ค ล.2 2550
100 0  ภัทราพร สังข์พวงทอง
245 10 ความรู้นอกกะลา 2 (ฉบับนี้มีกลิ่น) /^cภัทราพร สังข์พวงทอง
250    พิมพ์ครั้งที่ 1
260    กรุงเทพฯ :^bพิมพ์บูรพา,^c2550
300    [119] หน้า :^bภาพประกอบ
650  7 ความรู้ทั่วไป
650  7 กลิ่น
650  7 รองเท้า
650  7 ขยะ
945    ^p200^l0^i022957
995    ทศพร
999 ^a ใช้งานได้ทุกระบบ
รายการนี้ยังไม่มีแท็ก
คุณยังไม่ได้ล็อกอิน คุณสามารถมีกิจกรรมร่วมกับเว็บไซต์ได้ แต่ต้องล็อกอินก่อน ::
  ล็อกอิน

รายการสื่อสารสนเทศ

ลำดับที่ ประเภท เลขเรียก/บาร์โค้ด สถานที่ สถานะ
- ไม่พบข้อมูล -

รายการใกล้เคียง
    ผู้แต่ง [ภัทราพร สังข์พวงทอง]

    หัวเรื่อง [ความรู้ทั่วไป]
    หัวเรื่อง [กลิ่น]
    หัวเรื่อง [รองเท้า]
    หัวเรื่อง [ขยะ]

BibComment


ยังไม่เคยถูกคอมเมนท์

คอมเมนท์ทรัพยากรรายการนี้
  คอมเมนท์: ความรู้นอกกะลา 2 ..


 Copyright 2026. Bcnsprnw @Library